مكتبة جامعة عجلون الوطنية

فهرس بحث المكتبة

Normal view MARC view
  • الادارة التنفيذية-وزارة التعليم العالي-العراق

Entry Topical Term

Number of records used in: 1

001 - CONTROL NUMBER

  • control field: 61037

003 - CONTROL NUMBER IDENTIFIER

  • control field: JO-AjAnu

005 - DATE AND TIME OF LATEST TRANSACTION

  • control field: 20230606083956.0

008 - FIXED-LENGTH DATA ELEMENTS

  • fixed length control field: 230606|| aca||aabn | a|a d

040 ## - CATALOGING SOURCE

  • Original cataloging agency: JO-AjAnu
  • Transcribing agency: JO-AjAnu

150 ## - HEADING--TOPICAL TERM

  • Topical term or geographic name entry element: الادارة التنفيذية-وزارة التعليم العالي-العراق

670 ## - SOURCE DATA FOUND

  • Source citation: Work cat.: (JO-AjAnu)31132: اعداد العبيدي، هلال محمد حميد؛ اشراف بدر عايد القعيد, author 61036, الادارة بالتجوال واثرها على اداء العاملين في وزارة التعليم العالي والبحث العلمي العراقية = Management by Wandering Around and its Impact on Employee Performance in Iraqi Ministry of Higher Education and Scientific Research